|
|
|
|
| LEADER |
00000cam a2200000 a 4500 |
| 001 |
vtls008384969 |
| 003 |
SK-MaSNL |
| 005 |
20260407112855.0 |
| 008 |
250312s1946 xo 000 0 slo |
| 015 |
|
|
|a SNBA19451955-007354
|
| 035 |
|
|
|a SK01SNKBKSFS20010077186
|
| 035 |
|
|
|a urn:nbn:sk:snk-am3hvay
|
| 035 |
|
|
|a DF0D9A8D-4A2A-4231-A65E-1E74DCF1850B
|
| 035 |
|
|
|a urn:nbn:sk:snk-am00da9q
|
| 035 |
|
|
|a SKM000079649
|
| 040 |
|
|
|a SNK
|b slo
|c SNK
|e AACR2
|
| 041 |
0 |
|
|a slo
|
| 044 |
|
|
|a xo
|c SK
|
| 080 |
|
|
|a 27-47
|2 2011
|
| 100 |
1 |
|
|a Mattoška, Libor Jozef,
|d 1891-1958
|4 aut
|4 red
|9 172897
|
| 245 |
1 |
0 |
|a Otecko rozpráva
|b výchovné rozhovory pre mládež
|c Libor J. Mattoška
|
| 260 |
|
|
|a Prešov
|b Priateľ dietok
|c 1946
|e Zvolen
|f Pravda
|
| 300 |
|
|
|a 187, [7] s.
|c 8°
|
| 490 |
1 |
|
|a Knižnica Priateľa dietok
|v sv. 19
|
| 500 |
|
|
|a Druhý diel knihy Otecko odkazuje
|
| 650 |
0 |
7 |
|a kresťanská viera
|2 SNKPH
|9 1712
|
| 650 |
0 |
7 |
|a kresťanská výchova
|2 SNKPH
|9 63301
|
| 650 |
0 |
7 |
|a deti a mládež
|2 SNKPH
|9 774
|
| 655 |
|
7 |
|a príručky
|2 SNKPH
|9 74364
|
| 700 |
1 |
|
|i Pokračovanie diela:
|a Mattoška, Libor Jozef,
|d 1891-1958
|t Otecko odkazuje ...
|4 aut
|9 553016
|
| 700 |
1 |
|
|a Fixek, Gejza
|c (ilustrátor)
|4 ill
|9 180205
|
| 830 |
|
0 |
|a Knižnica Priateľa dietok
|9 289064
|
| 852 |
|
|
|a Slovenská národná knižnica
|
| 958 |
|
|
|a OND
|
| 958 |
|
|
|a EUIPO
|
| 958 |
|
|
|a RK
|
| 958 |
|
|
|a TL
|
| 999 |
|
|
|c 848439
|d 850369
|
| 952 |
|
|
|a SNK
|b SNK
|y VYP
|7 0
|p 17A0111456
|o snkSD 4479/19 D1
|i snkKSF 1926/57
|8 5
|0 0
|1 0
|4 0
|d 2007-04-16
|l 0
|r 2026-02-24 04:33:43
|w 2026-02-24
|
| 952 |
|
|
|a SNK
|b SNK
|y PREZ
|7 0
|p 17A0907271
|o snkSD 4479/19
|i snk255/47
|0 0
|1 0
|4 0
|d 2018-04-27
|f 1
|l 0
|r 2025-11-10 00:00:00
|w 2026-02-24
|